Tres son multitud /

La historia se despliega en dos tiempos: el pasado, en una adolescencia en la que Pedro, Juan y Mara se escapan para participar de una muestra de cómics en la que uno de ellos compite; y el presente, signado por la muerte, el duelo y el dolor, pero también por el encuentro con los recuerdos. Una nov...

Descripción completa

Guardado en:
Autor Principal: Dellutri, Ezequiel.
Otros Autores: Quines, Ezequiel; il.
Formato: Libro
Idioma:Undetermined
Publicado: Buenos Aires : Ekeka, 2023.
Edición:1a ed. 1a reimp.
Series:Identidades bonaerenses
Materias:
Etiquetas: Agregar Etiqueta
Sin Etiquetas, Sea el primero en etiquetar este registro!
LEADER 01613nam a22002895a 4500
001 CEM.cems024803
008 250716s2023####ag############000#0#und#d
005 20250820100926.0
245 1 0 |a Tres son multitud /  |c Ezequiel Dellutri ; ilustraciones de Ezequiel Quines. 
250 |a 1a ed. 1a reimp. 
260 |a Buenos Aires :  |b Ekeka,  |c 2023. 
300 |a 150 p. 
490 1 |a Identidades bonaerenses 
500 |a Edición especial de la Dirección de Cultura y Educación de la Provincia de Buenos Aires. 
500 |a Sugerencia de edad: a partir de ciclo básico. 
520 |a La historia se despliega en dos tiempos: el pasado, en una adolescencia en la que Pedro, Juan y Mara se escapan para participar de una muestra de cómics en la que uno de ellos compite; y el presente, signado por la muerte, el duelo y el dolor, pero también por el encuentro con los recuerdos. Una novela que muestra cómo queda marcada una vida, cómo la amistad nos enseña y nos forma, cómo la pasión de cada uno es acompañada por los demás. Una historia de amistad, de amor y de dolor. 
020 |a 9789874875037 
100 1 |a Dellutri, Ezequiel. 
700 1 |a Quines, Ezequiel; il. 
653 |a Narrativa argentina 
653 |a Literatura argentina 
653 |a Novela argentina 
653 |a Identidades bonaerenses 
859 |a CEMS  |b BIB. CEMS - Agricultura  |h A863.4  |i D358  |p A3924.25  |t Ej.1 
859 |a CEMS  |b BIB. CEMS - 11 de abril  |h A863.4  |i D358  |p 30232.25  |t Ej.1 
859 |a CEMS  |b BIB. CEMS - Ccias. Educacion  |h A863.4  |i D358  |k CE  |p 30234.25  |t Ej.1 
859 |a CEMS  |b BIB. CEMS - 11 de abril  |h A863.4  |i D358  |p 30233.25  |t Ej.2